| 000 | 01760nam a22004337a 4500 | ||
|---|---|---|---|
| 003 | CHAP | ||
| 005 | 20220329143413.0 | ||
| 008 | 090417s2008 mx r 00010 spa d | ||
| 010 | _a96072 | ||
| 011 | _a97044 | ||
| 035 | _a107703 | ||
| 040 | _cCHAP | ||
| 090 | _aTesis | ||
| 100 | 1 |
_aRobles Zavalija, María Cristina. _998129 |
|
| 245 | 1 | 0 |
_aEfectos de la aplicación del gasto social a través del programa POPMI en el proceso educativo de las mujeres indigenas _c/por María Cristina Robles Zavalija |
| 260 |
_aChapingo, Méx. : _bEl autor, _c2008 |
||
| 300 |
_a110 h. : _bius., cuadros, gráfs. |
||
| 502 | _aTesis (M.C. en Procesos Educativos) -- UACH. Centro de Educación Continua | ||
| 530 | _aTambién disponible en línea | ||
| 590 |
_aALEPH _b10 _c20130110 _lUCH01 _h1529 |
||
| 590 |
_aBATCH-UPD _b10 _c20130110 _lUCH01 _h0443 |
||
| 590 |
_aBATCH-UPD _b10 _c20130410 _lUCH01 _h0119 |
||
| 590 |
_aBATCH-UPD _b10 _c20130410 _lUCH01 _h1536 |
||
| 590 |
_aBATCH-UPD _b10 _c20130914 _lUCH01 _h1148 |
||
| 590 |
_aBATCH-UPD _b10 _c20140324 _lUCH01 _h1512 |
||
| 590 |
_aBATCH-UPD _b10 _c20141002 _lUCH01 _h0839 |
||
| 590 |
_aCONVERSION _b10 _c20130109 _lUCH01 _h1353 |
||
| 650 | 1 | 4 |
_aDesarrollo de la comunidad rural _zMéxico. _932040 |
| 650 | 1 | 4 |
_aEducación indígena. _935575 |
| 650 | 1 | 4 |
_aGasto público _zMéxico. _947253 |
| 650 | 1 | 4 |
_aMarginalidad social. _971348 |
| 650 | 1 | 4 |
_aMujer en comunidades rurales _zMéxico. _979391 |
| 650 | 1 | 4 |
_aMujer _xSituación social _zMéxico. _979341 |
| 856 |
_3Finding aid _uhttp://10.13.5.2/tesis/107703.pdf _zTeclea aqui |
||
| 901 | _aBK | ||
| 942 | _cFOLL | ||
| 949 |
_aTesis _bBC _cTES _d33724002088743 _eTS1 _gDonaciØn _h49233 _i107703 _sb |
||
| 949 |
_aTesis _bBC _cTES _d33724002088785 _eTS2 _fc.2 _gDonaciØn _h49234 _i107703 _sb |
||
| 999 |
_c96072 _d96072 |
||